[Event "Paris-ch op-A 89th"]
[Site "Paris"]
[Date "2014.07.09"]
[Round "5"]
[White "Eden, James"]
[Black "Montabord, Manuel"]
[Result "1/2-1/2"]
[WhiteElo "2207"]
[BlackElo "2058"]
[PlyCount "151"]
[EventDate "2014.07.05"]
[EventType "swiss"]
[EventRounds "9"]
[EventCountry "FRA"]
[SourceTitle "EXT 2016"]
[Source "ChessBase"]
[SourceDate "2015.10.08"]
[SourceVersion "1"]
[SourceVersionDate "2015.10.08"]
[SourceQuality "1"]

1. e4 c6 2. d4 d5 3. Nc3 dxe4 4. Nxe4 Bf5 5. Ng3 Bg6 6. h4 h6 7. Nf3 Nd7 8. h5 Bh7 9. Bd3 Bxd3 10. Qxd3 e6 11. Bd2 Ngf6 12. 0-0-0 Be7 13. Ne4 0-0 14. g4 Nxe4 15. Qxe4 Nf6 16. Qe2 Qd5 17. Kb1 Qe4 18. Be3 Nxg4 19. Nd2 Qf5 20. Rdg1 Nxe3 21. fxe3 e5 22. e4 Qe6 23. Qg2 Bf6 24. d5 Qd7 25. Nc4 cxd5 26. exd5 e4 27. Qxe4 Qb5 28. Qf4 Kh8 29. Rd1 Rac8 30. b3 Qb4 31. Rh3 b5 32. a3 Qc5 33. Ne3 Rfe8 34. Qb4 Qb6 35. Rd3 a5 36. Qd2 Qd6 37. Ka2 Qe5 38. c3 Rxc3 39. Rxc3 Qxc3 40. Qxc3 Bxc3 41. d6 Bf6 42. Kb1 Re5 43. Rf3 Re6 44. d7 Rd6 45. Rf5 Rxd7 46. Rxb5 Bc3 47. Kc2 Be1 48. Nc4 Ra7 49. Re5 Bf2 50. Rxa5 g6 51. Rxa7 Bxa7 52. b4 gxh5 53. Kd3 h4 54. Ke4 Kg8 55. a4 Kf8 56. Ne5 Ke8 57. a5 h3 58. Kf3 f6 59. Nc4 Kd7 60. b5 Kc7 61. Kg3 Bc5 62. Kxh3 Kb7 63. Kg4 Ka7 64. Kh5 f5 65. Ne5 Be3 66. Nc4 Bc5 67. Kxh6 f4 68. Ne5 Bd6 69. Nc4 f3 70. b6+ Kb8 71. Kg5 f2 72. Ne3 Bc5 73. Nf1 Kb7 74. Kf4 Bb4 75. Kf3 Bxa5 76. Kxf2 1/2-1/2

[Event "Small Paris-ch"]
[Site "Paris"]
[Date "2014.??.??"]
[Round "4"]
[White "Mirimanian, Hayk"]
[Black "Montabord, Manuel"]
[Result "1-0"]
[WhiteElo "2147"]
[BlackElo "2056"]
[PlyCount "40"]
[EventDate "2014.07.??"]
[EventType "swiss"]
[EventRounds "7"]
[EventCountry "FRA"]
[SourceTitle "EXT 2015"]
[Source "ChessBase"]
[SourceDate "2014.11.20"]
[SourceVersion "1"]
[SourceVersionDate "2014.11.20"]
[SourceQuality "1"]

1. Nf3 Nf6 2. e3 c5 3. b3 g6 4. Bb2 Bg7 5. d4 0-0 6. Nbd2 d6 7. Bd3 cxd4 8. exd4 Nd5 9. 0-0 Nf4 10. Nc4 Nc6 11. Re1 Nxd3 12. Qxd3 Bf5 13. Qe2 b5 14. d5 Nb4 15. Bxg7 Kxg7 16. Ne3 Be4 17. Qd2 Bxf3 18. Qxb4 Be4 19. Qd2 Bf5 20. Nc4 bxc4 1-0

[Event "Martinique-ch 29th"]
[Site "Fort de France"]
[Date "2013.05.19"]
[Round "5"]
[White "Mendiondo, Penalver Yosvan"]
[Black "Montabord, Manuel"]
[Result "1-0"]
[WhiteElo "2040"]
[BlackElo "2052"]
[PlyCount "51"]
[EventDate "2013.05.18"]
[EventType "tourn"]
[EventRounds "11"]
[EventCountry "MFR"]
[SourceTitle "EXT 2014"]
[Source "ChessBase"]
[SourceDate "2013.11.20"]
[SourceVersion "1"]
[SourceVersionDate "2013.11.20"]
[SourceQuality "1"]

1. Nf3 Nf6 2. g3 d5 3. Bg2 Bf5 4. 0-0 e6 5. d3 h6 6. Nbd2 Be7 7. Qe1 0-0 8. e4 Bh7 9. Qe2 c5 10. Re1 Nc6 11. exd5 exd5 12. b3 Re8 13. Qd1 Rc8 14. Bb2 b5 15. a4 a6 16. Bh3 Rc7 17. Ne5 d4 18. Nxc6 Rxc6 19. Qf3 Nd5 20. axb5 axb5 21. Ra7 Nb4 22. Bd7 Rf6 23. Qe2 Re6 24. Bxe6 fxe6 25. Qxe6+ Kf8 26. Rd7 1-0

[Event "Martinique-ch 29th"]
[Site "Fort de France"]
[Date "2013.05.19"]
[Round "6"]
[White "Montabord, Manuel"]
[Black "Chancerel, Dominique"]
[Result "1-0"]
[WhiteElo "2052"]
[BlackElo "1832"]
[PlyCount "97"]
[EventDate "2013.05.18"]
[EventType "tourn"]
[EventRounds "11"]
[EventCountry "MFR"]
[SourceTitle "EXT 2014"]
[Source "ChessBase"]
[SourceDate "2013.11.20"]
[SourceVersion "1"]
[SourceVersionDate "2013.11.20"]
[SourceQuality "1"]

1. e4 d6 2. d4 Nf6 3. Nc3 g6 4. Be2 Bg7 5. h4 c5 6. dxc5 Qa5 7. Qd3 Qxc5 8. Be3 Qa5 9. h5 gxh5 10. Nh3 Nc6 11. 0-0-0 Ng4 12. Bd2 Bd7 13. Qb5 Qxb5 14. Nxb5 Rc8 15. f3 Nge5 16. Nf4 a6 17. Nc3 Nd4 18. Bf1 h4 19. Nh5 Bf8 20. Be3 Ne6 21. Rxh4 Ng7 22. Nd5 Nxh5 23. Rxh5 Be6 24. Kb1 f6 25. Rh2 h5 26. Be2 Kf7 27. Rdh1 Bxd5 28. exd5 Kg6 29. b3 Bg7 30. Rh4 f5 31. Rb4 b5 32. a4 Ra8 33. axb5 axb5 34. Bd4 Rhb8 35. f4 Nf3 36. Bxf3 Bxd4 37. Rxd4 Ra3 38. Kb2 Rba8 39. Rc1 h4 40. Rb4 Ra2+ 41. Kc3 Rc8+ 42. Kd2 Rc5 43. Rd4 Kf6 44. Rd3 Kg6 45. Rc3 b4 46. Rxc5 dxc5 47. Kd3 Ra7 48. Rh1 Rd7 49. Kc4 1-0

[Event "Martinique-ch 29th"]
[Site "Fort de France"]
[Date "2013.05.19"]
[Round "4"]
[White "Montabord, Manuel"]
[Black "Suez Panama, Gilles"]
[Result "0-1"]
[WhiteElo "2052"]
[BlackElo "2059"]
[PlyCount "56"]
[EventDate "2013.05.18"]
[EventType "tourn"]
[EventRounds "11"]
[EventCountry "MFR"]
[SourceTitle "EXT 2014"]
[Source "ChessBase"]
[SourceDate "2013.11.20"]
[SourceVersion "1"]
[SourceVersionDate "2013.11.20"]
[SourceQuality "1"]

1. e4 e6 2. d3 d5 3. Qe2 Nf6 4. Nf3 c5 5. g3 Nc6 6. Bg2 Be7 7. 0-0 0-0 8. e5 Nd7 9. h4 b5 10. Bf4 a5 11. Nbd2 Ba6 12. h5 c4 13. Rfd1 Qb6 14. Nf1 b4 15. N1h2 a4 16. dxc4 Bxc4 17. Qd2 b3 18. cxb3 axb3 19. a3 Nc5 20. Be3 Qc7 21. Bxc5 Bxc5 22. Ng4 f6 23. Ne3 Ra4 24. Bh3 Qf7 25. exf6 Qxf6 26. Bg2 Ne5 27. Nh2 Nd3 28. Nf3 Qxb2 0-1

[Event "Gibraltar Challengers-B 9th"]
[Site "Caleta"]
[Date "2011.01.30"]
[Round "2"]
[White "Montabord, Manuel"]
[Black "Spence, David"]
[Result "0-1"]
[WhiteElo "2063"]
[BlackElo "2231"]
[PlyCount "82"]
[EventDate "2011.01.29"]
[EventType "swiss"]
[EventRounds "5"]
[EventCountry "GGB"]
[SourceTitle "CBM 140 Extra"]
[Source "ChessBase"]
[SourceDate "2011.03.01"]
[SourceVersion "1"]
[SourceVersionDate "2011.03.01"]
[SourceQuality "1"]

1. e4 e6 2. d3 d5 3. Qe2 Nf6 4. Nf3 Be7 5. g3 c5 6. Bg2 Nc6 7. 0-0 b5 8. e5 Nd7 9. h4 a5 10. Bf4 b4 11. Nbd2 0-0 12. Rfe1 a4 13. a3 bxa3 14. bxa3 Rb8 15. h5 Ba6 16. h6 g6 17. Nf1 Nd4 18. Nxd4 cxd4 19. Nh2 Rb2 20. Bc1 Rb7 21. Qg4 Qc7 22. Bg5 Nxe5 23. Qh4 Bxg5 24. Qxg5 f6 25. Qd2 Rb2 26. Rac1 Bc8 27. Bh3 Qb6 28. Qe2 Re8 29. f4 Nc4 30. Nf1 Nxa3 31. f5 Kf7 32. Qg2 Qd6 33. Qf2 Nb5 34. fxe6+ Bxe6 35. Bxe6+ Rxe6 36. Rxe6 Qxe6 37. Re1 Qd6 38. Re2 Rb1 39. Kg2 a3 40. Nd2 a2 41. Nb3 Rxb3 0-1

[Event "Gibraltar Challengers-A 9th"]
[Site "Caleta"]
[Date "2011.01.24"]
[Round "1"]
[White "Salomon, Johan"]
[Black "Montabord, Manuel"]
[Result "1-0"]
[WhiteElo "1836"]
[BlackElo "2063"]
[PlyCount "79"]
[EventDate "2011.01.24"]
[EventType "swiss"]
[EventRounds "5"]
[EventCountry "GGB"]
[SourceTitle "CBM 140 Extra"]
[Source "ChessBase"]
[SourceDate "2011.03.01"]
[SourceVersion "1"]
[SourceVersionDate "2011.03.01"]
[SourceQuality "1"]

1. e4 c6 2. Nc3 d5 3. Nf3 Bg4 4. h3 Bxf3 5. Qxf3 e6 6. d3 d4 7. Ne2 c5 8. g3 Nc6 9. Nf4 Nf6 10. Bg2 e5 11. Nd5 Nxd5 12. exd5 Nb4 13. Qe2 Bd6 14. a3 Na6 15. Qg4 0-0 16. Be4 g6 17. Qe2 f5 18. Bf3 Nc7 19. h4 Re8 20. Bg5 Be7 21. Bxe7 Rxe7 22. h5 Nxd5 23. hxg6 hxg6 24. 0-0-0 Nf6 25. Qd2 e4 26. dxe4 Nxe4 27. Bxe4 fxe4 28. Rh6 Re6 29. Rdh1 Qf6 30. Rh7 Re7 31. Qh6 Rae8 32. Rh4 e3 33. Rh8+ Kf7 34. Rf4 e2 35. Rf8+ Rxf8 36. Rxf6+ Ke8 37. Rxf8+ Kd7 38. Qh3+ Kc7 39. Qc8+ Kb6 40. Qd8+ 1-0

[Event "FRA-ch op-A"]
[Site "Aix les Bains"]
[Date "2007.08.15"]
[Round "2"]
[White "Montabord, Manuel"]
[Black "Loiseau, Quentin"]
[Result "1/2-1/2"]
[WhiteElo "2163"]
[BlackElo "2051"]
[PlyCount "86"]
[EventDate "2007.08.13"]
[EventType "swiss"]
[EventRounds "11"]
[EventCountry "FRA"]
[SourceTitle "CBM 120 Extra"]
[Source "ChessBase"]
[SourceDate "2007.11.01"]
[SourceVersion "1"]
[SourceVersionDate "2007.11.01"]
[SourceQuality "1"]

1. e4 c5 2. Nc3 Nc6 3. Bb5 d6 4. Bxc6+ bxc6 5. d3 g6 6. Nge2 Bg7 7. Be3 e5 8. Qd2 f5 9. f4 Qh4+ 10. g3 Qe7 11. fxe5 Bxe5 12. d4 cxd4 13. Nxd4 c5 14. Nc6 Bxc3 15. Qxc3 Qf6 16. e5 dxe5 17. Qxe5+ Kf7 18. 0-0-0 Qxe5 19. Nxe5+ Ke6 20. Bxc5 Nf6 21. Rhe1 Ne4 22. Nc6 Kf7 23. Bd4 Re8 24. c4 Be6 25. b3 a5 26. Ne5+ Ke7 27. Nd3 a4 28. Nc5 Nxc5 29. Bxc5+ Kf7 30. Kb2 Rab8 31. Kc3 axb3 32. axb3 Rb7 33. Rd6 Rbb8 34. Ra6 Rb7 35. b4 Bxc4 36. Rxe8 Bxa6 37. Ra8 Bb5 38. Kd4 Ke6 39. Ra7 Rxa7 40. Bxa7 f4 41. Kc5 fxg3 42. hxg3 Bf1 43. Kc6 Kf5 1/2-1/2

[Event "Paris-ch"]
[Site "Paris"]
[Date "2006.07.12"]
[Round "5"]
[White "Montabord, Manuel"]
[Black "Quach, Charles"]
[Result "0-1"]
[WhiteElo "2192"]
[BlackElo "2112"]
[PlyCount "98"]
[EventDate "2006.07.08"]
[EventType "swiss"]
[EventRounds "9"]
[EventCountry "FRA"]
[SourceTitle "EXT 2007"]
[Source "ChessBase"]
[SourceDate "2006.11.23"]
[SourceVersion "1"]
[SourceVersionDate "2006.11.23"]
[SourceQuality "1"]

1. e4 c5 2. Nc3 e6 3. Nge2 Nc6 4. g3 g6 5. d4 Qb6 6. d5 Nd4 7. Bg2 Bg7 8. 0-0 Ne7 9. Rb1 Nxe2+ 10. Nxe2 exd5 11. exd5 d6 12. b4 0-0 13. Bd2 Nf5 14. bxc5 Qxc5 15. Bb4 Qc7 16. Rb3 a5 17. Bd2 Bd7 18. Rb1 b5 19. a3 Rfc8 20. Be4 Qc4 21. Bg2 Qxc2 22. Rc1 Qxd1 23. Rfxd1 Rxc1 24. Rxc1 Bb2 25. Rc7 Be8 26. Bc1 Bxc1 27. Rxc1 b4 28. axb4 axb4 29. Rb1 Rb8 30. Be4 Bd7 31. Rb2 h5 32. Kf1 Bb5 33. Bxf5 gxf5 34. Kg1 Bxe2 35. Rxe2 b3 36. Rb2 f4 37. gxf4 Kg7 38. Kg2 Kf6 39. Kg3 Kf5 40. Kf3 Rb4 41. Kg3 Ke4 42. Kh4 Kd3 43. Kg5 Kc3 44. Rb1 Kc2 45. Rh1 b2 46. Kf6 Rxf4+ 47. Ke7 Rxf2 48. Kxd6 b1Q 49. Rxb1 Kxb1 0-1

[Event "Paris Apsap op 75th"]
[Site "Paris"]
[Date "2004.08.30"]
[Round "1"]
[White "Montabord, Manuel"]
[Black "Sabban, Manuel"]
[Result "1-0"]
[WhiteElo "2125"]
[BlackElo "1800"]
[PlyCount "51"]
[EventDate "2004.09.??"]
[EventType "swiss"]
[EventRounds "9"]
[EventCountry "FRA"]
[SourceTitle "EXT 2006"]
[Source "ChessBase"]
[SourceDate "2005.11.24"]
[SourceVersion "1"]
[SourceVersionDate "2005.11.24"]
[SourceQuality "1"]

1. e4 e6 2. d3 d5 3. Qe2 c6 4. Nf3 Bc5 5. g3 Ne7 6. Bg2 0-0 7. 0-0 Re8 8. c3 Ng6 9. e5 Be7 10. h4 Nf8 11. d4 c5 12. Rd1 Nc6 13. c4 cxd4 14. Nxd4 Qb6 15. Nf3 dxc4 16. Qxc4 Nd7 17. Qe2 Qc7 18. Bf4 b6 19. Nc3 a6 20. Ne4 Bb7 21. Nf6+ gxf6 22. exf6 Qd8 23. Ne5 Bxf6 24. Rxd7 Qc8 25. Qg4+ Bg7 26. Rxf7 1-0

[Event "Paris op-A"]
[Site "Paris"]
[Date "2003.??.??"]
[Round "6"]
[White "Montabord, Manuel"]
[Black "Laurens, Julia"]
[Result "0-1"]
[WhiteElo "2104"]
[BlackElo "2000"]
[PlyCount "68"]
[EventDate "2003.07.05"]
[EventType "swiss"]
[EventRounds "9"]
[EventCountry "FRA"]
[SourceTitle "EXT 2005"]
[Source "ChessBase"]
[SourceDate "2004.11.15"]
[SourceVersion "1"]
[SourceVersionDate "2004.11.15"]
[SourceQuality "1"]

1. e4 c6 2. Nc3 d5 3. Nf3 Bg4 4. h3 Bxf3 5. Qxf3 e6 6. d4 Nf6 7. exd5 cxd5 8. Ne2 Nc6 9. c3 b5 10. a3 a5 11. Ng3 Rb8 12. Bd3 b4 13. axb4 axb4 14. Qe2 Bd6 15. Bb5 Rb6 16. Bxc6+ Rxc6 17. Qb5 Qc8 18. Ra7 0-0 19. 0-0 bxc3 20. bxc3 Rxc3 21. Bg5 Bxg3 22. fxg3 Rxg3 23. Bxf6 gxf6 24. Rxf6 Qc1+ 25. Kh2 Rxg2+ 26. Kxg2 Qg5+ 27. Kh2 Qxf6 28. Qc5 Qf2+ 29. Kh1 Rb8 30. Ra1 Qf3+ 31. Kg1 Qe3+ 32. Kh1 Qxh3+ 33. Kg1 Kh8 34. Rf1 Rg8+ 0-1

[Event "Syre Memorial op 25th"]
[Site "Issy les Moulineaux"]
[Date "2002.05.08"]
[Round "1"]
[White "Nguyen, Thanh Tong"]
[Black "Montabord, Manuel"]
[Result "1-0"]
[WhiteElo "2244"]
[BlackElo "2106"]
[PlyCount "87"]
[EventDate "2002.05.08"]
[EventType "swiss"]
[EventRounds "7"]
[EventCountry "FRA"]
[SourceTitle "EXT 2004"]
[Source "ChessBase"]
[SourceDate "2003.11.25"]
[SourceVersion "1"]
[SourceVersionDate "2003.11.25"]
[SourceQuality "1"]

1. c4 Nf6 2. Nc3 g6 3. g3 Bg7 4. Bg2 0-0 5. Nf3 d6 6. 0-0 Nbd7 7. d3 c6 8. Rb1 e5 9. Nd2 Nc5 10. b4 Ne6 11. Nb3 d5 12. b5 Re8 13. a4 Nd4 14. bxc6 bxc6 15. Nxd4 exd4 16. cxd5 Nxd5 17. Nxd5 cxd5 18. Rb5 Be6 19. Bf4 a6 20. Rb2 h6 21. h4 g5 22. hxg5 hxg5 23. Bd2 Bf6 24. a5 Rb8 25. Rxb8 Qxb8 26. Qb1 Bg4 27. Qb6 Qxb6 28. axb6 Rb8 29. Rb1 Bxe2 30. Rb3 Bd1 31. Rb2 Be2 32. Bxd5 Bxd3 33. b7 Bb5 34. Rc2 Be5 35. Rc8+ Kg7 36. Bxg5 d3 37. Rxb8 Bxb8 38. Bf4 Ba7 39. Bd2 Kf8 40. Kf1 Ke7 41. Ke1 Kd6 42. Bf3 Bc6 43. Bf4+ Kc5 44. Bxc6 1-0